000 00571nam a2200193 4500
003 OSt
005 20260601171018.0
008 260509b\\\\\\\\||||||||\||||\00|\0\spa\d
020 _a9686914129
040 _aICI
_bspa
_cICI
_erda
050 _aNA756.A43
_bA94
245 _aAugusto H. Álvarez:
_bHistorial oral de la ciudad de México /
264 _aMéxico
_bInsituto de investigaciones Dr. José María Luis Mora
_c1994
300 _a75 páginas
336 _2rdacontent
_atexto
337 _2rdamedia
_asin medio
338 _2rdacarrier
_avolumen
942 _2lcc
_n1
_cB
999 _c20796
_d20796